000 00623nam a22001937a 4500
005 20230417122933.0
008 230209b ag ||||| |||| 00| 0 spa d
020 _a950340181
050 0 4 _aKG576
_bC36 2000
100 1 _4Canton, Santiago
245 1 0 _aLibertad de expresión en América Latina
_c / Santiago Canton, Damián Loreti.
250 _a1a ed.
260 _aBuenos Aires :
_bEdiciones de Periodismo y Comunicación,
_c2000
300 _a214 p. ;
_c20 cm.
504 _aIncluye bibliografía
651 7 _2lemb
_aAmérica Latina
_xLibertad de expresión
700 1 _aLoreti, Damián,
_eautor
942 _2lcc
_cLIB
999 _c59608
_d59608